Statistics for Countries in Relation to Cities #2

Click here to take the quiz!

General Stats

  • This quiz has been taken 1,338 times
  • The average score is 16 of 24

Answer Stats

CityDirectionCountry% Correct
TokyoWestSouth Korea
97%
AthensWestItaly
87%
DublinNorthUnited Kingdom
87%
BrasiliaWestBolivia
84%
DetroitEastCanada
84%
LimaEastBrazil
83%
MoscowSouthUkraine
82%
FezNorthSpain
76%
ReykjavikEastNorway
75%
TorontoNorthRussia
75%
NaplesEastAlbania
74%
MalmoSouthGermany
74%
KinshasaWestRepublic of the Congo
65%
VilniusSouthBelarus
62%
LagosEastCameroon
60%
GuangzhouSouthMalaysia
58%
ColomboEastThailand
56%
KarachiNorthAfghanistan
55%
Dar es SalaamSouthMozambique
55%
Tel AvivWestLibya
53%
MogadishuNorthEthiopia
51%
MelbourneWestArgentina
50%
YerevanNorthGeorgia
50%
Port of SpainSouthVenezuela
50%

Score Distribution

Percentile by Number Answered

Percent of People with Each Score

Your Score History

You have not taken this quiz